Когда зацветают яблони : (Record no. 308352)
[ view plain ]
| 000 -LEADER | |
|---|---|
| fixed length control field | 00868nam a2200229 a 4500 |
| 001 - CONTROL NUMBER | |
| control field | 000873842 |
| 003 - CONTROL NUMBER IDENTIFIER | |
| control field | AM-YeHGA |
| 005 - DATE AND TIME OF LATEST TRANSACTION | |
| control field | 20250617145226.0 |
| 008 - FIXED-LENGTH DATA ELEMENTS--GENERAL INFORMATION | |
| fixed length control field | 120313s1973 ru r 000 0 rus d |
| 040 ## - CATALOGING SOURCE | |
| Original cataloging agency | AM-YeHGA |
| 041 1# - LANGUAGE CODE | |
| Language code of text/sound track or separate title | rus |
| Language code of original | pol |
| 090 ## - LOCALLY ASSIGNED LC-TYPE CALL NUMBER (OCLC); LOCAL CALL NUMBER (RLIN) | |
| -- | 310063 |
| 100 1# - MAIN ENTRY--PERSONAL NAME | |
| Personal name | Пененжек, Ш. |
| 245 10 - TITLE STATEMENT | |
| Title | Когда зацветают яблони : |
| Remainder of title | Пер. с польского / |
| Statement of responsibility, etc. | Ш. Пененжек; Пер. Ф.А. Волков, Р.И. Нудельман; Под ред. З.А. Метлицкого. |
| 260 ## - PUBLICATION, DISTRIBUTION, ETC. | |
| Place of publication, distribution, etc. | М. : |
| Name of publisher, distributor, etc. | Мир, |
| Date of publication, distribution, etc. | 1973. |
| 300 ## - PHYSICAL DESCRIPTION | |
| Extent | 464 с. : |
| Other physical details | ил. ; |
| Dimensions | 21 см. |
| 504 ## - BIBLIOGRAPHY, ETC. NOTE | |
| Bibliography, etc. note | Библиогр. в подстроч. примеч. |
| 650 14 - SUBJECT ADDED ENTRY--TOPICAL TERM | |
| Topical term or geographic name entry element | Ягодоводство |
| 700 1# - ADDED ENTRY--PERSONAL NAME | |
| Personal name | Волков, Ф.А. |
| Relator term | пер. |
| Relationship | trl |
| 700 1# - ADDED ENTRY--PERSONAL NAME | |
| Personal name | Нудельман, Р.И. |
| Relator term | пер. |
| Relationship | trl |
| 700 1# - ADDED ENTRY--PERSONAL NAME | |
| Personal name | Метлицкий, З.А. |
| Relator term | ред. |
| Relationship | edt |
| Withdrawn status | Lost status | Damaged status | Not for loan | Collection | Home library | Current library | Date acquired | Total checkouts | Full call number | Barcode | Date last seen | Price effective from | Koha item type | Public note |
|---|---|---|---|---|---|---|---|---|---|---|---|---|---|---|
| General | Fundamental Scientific Library | Fundamental Scientific Library | 09/01/2017 | PII/317058 | FL0218907 | 09/01/2017 | 09/01/2017 | Գրքեր / Books | 30 Days Loan | |||||
| General | Fundamental Scientific Library | Fundamental Scientific Library | 09/01/2017 | PII/317806 | FL0229294 | 09/01/2017 | 09/01/2017 | Գրքեր / Books | 30 Days Loan |
ՀՀ Գիտությունների ազգային ակադեմիայի հիմնարար գիտական գրադարան = Fundamental Scientific Library of NAS RA
All site content, except where otherwise noted, is licensed under a